La Viena de Wittgenstein / (Record no. 84595)

MARC details
000 -LEADER
campo de control de longitud fija 00823nam a2200265 i 4500
001 - NÚMERO DE CONTROL
campo de control 84595
003 - IDENTIFICADOR DE NÚMERO DE CONTROL
campo de control ES-MaACL
005 - FECHA Y HORA DE LA ÚLTIMA TRANSACCIÓN
campo de control 20230906175038.0
007 - CAMPO FIJO DE DESCRIPCIÓN FÍSICA--INFORMACIÓN GENERAL
campo de control de longitud fija t|
008 - DATOS DE LONGITUD FIJA--INFORMACIÓN GENERAL
campo de control de longitud fija 041123s1974 sp |||| |dspa d
080 ## - NÚMERO DE LA CLASIFICACIÓN DECIMAL UNIVERSAL
Número de la Clasificación Decimal Universal 1 Wittgenstein, Ludwig
080 ## - NÚMERO DE LA CLASIFICACIÓN DECIMAL UNIVERSAL
Número de la Clasificación Decimal Universal 008(436.14 W.)"19"
100 1# - ENTRADA PRINCIPAL--NOMBRE DE PERSONA
Nombre de persona Janik, Allan.
9 (RLIN) 66025
245 13 - MENCIÓN DEL TÍTULO
Título La Viena de Wittgenstein /
Mención de responsabilidad, etc. Allan Janik y Stephen Toulmin ; traducción de Ignacio Gómez de Liaño.
260 ## - PUBLICACIÓN, DISTRIBUCIÓN, ETC.
Lugar de publicación, distribución, etc. [Madrid] :
Nombre del editor, distribuidor, etc. Taurus,
Fecha de publicación, distribución, etc. [1974]
300 ## - DESCRIPCIÓN FÍSICA
Extensión 373 p. ;
Dimensiones 21 cm.
490 1# - MENCIÓN DE SERIE
Mención de serie Ensayistas
600 14 - PUNTO DE ACCESO ADICIONAL DE MATERIA--NOMBRE DE PERSONA
Nombre de persona Wittgenstein, Ludwig.
9 (RLIN) 117183
651 #4 - PUNTO DE ACCESO ADICIONAL DE MATERIA--NOMBRE GEOGRÁFICO
Nombre geográfico Viena-
Subdivisión general Vida intelectual.
9 (RLIN) 162622
700 1# - ENTRADA AGREGADA--NOMBRE PERSONAL
Nombre de persona Toulmin, Stephen Edelston.
9 (RLIN) 111127
700 1# - ENTRADA AGREGADA--NOMBRE PERSONAL
Nombre de persona Gómez de Liaño, Ignacio.
9 (RLIN) 57908
830 0# - PUNTO DE ACCESO ADICIONAL DE SERIE-TÍTULO UNIFORME
Título uniforme Ensayistas
9 (RLIN) 177257
852 ## - LOCALIZACIÓN
Ubicación ES-MaACL
Número de control de estantería E-6100
Holdings
Estatus retirado Estado de pérdida Estado de daño No para préstamo Biblioteca de origen Biblioteca actual Ubicación en estantería Fecha de adquisición Fuente de adquisición Total de préstamos Signatura topográfica completa Código de barras Visto por última vez Precio de reemplazo Tipo de ítem Koha
        Biblioteca del Ateneo de Madrid Biblioteca del Ateneo de Madrid Depósito 2 17/01/2008     E-6100 1088407 23/02/2023 23/02/2023 Libro impreso